000 00370nam a2200121Ia 4500
008 220901s9999||||xx |||||||||||||| ||und||
082 _a006.42 MAK
100 _aMakhanov, Stanislav
245 0 _aInternational Journal of image processing and applications
250 _aVol. 8 Issue No. 1 & 2
260 _bInternational Science Press
_c2017
650 _aImage processing
999 _c193677
_d193677